El fútbol ganador
Uloženo v:
| Hlavní autor: | |
|---|---|
| Médium: | Kniha |
| Jazyk: | španělština |
| Vydáno: |
Santiago
FCS
1997
|
| Témata: | |
| Tagy: |
Přidat tag
Žádné tagy, Buďte první, kdo vytvoří štítek k tomuto záznamu!
|
MARC
| LEADER | 00000nam a2200000 a 4500 | ||
|---|---|---|---|
| 001 | UCQ1531 | ||
| 003 | CL-VaPUC | ||
| 008 | 980710e19970000CL |||||||||||||||||spa|d | ||
| 082 | 0 | 4 | |a 796.334 |b VAL |2 21 |
| 100 | 0 | |a Valdés Opazo, Enzo |e author |9 415264 | |
| 245 | 1 | 3 | |a El fútbol ganador |
| 300 | |a 359 p | ||
| 942 | |c BK | ||
| 945 | |d 19980710 00:00:00 |a mvenant | ||
| 260 | |a Santiago |b FCS |c 1997 | ||
| 650 | 0 | |a Fútbol |9 307513 | |
| 650 | 0 | |a Enseñanza |9 256457 | |
| 650 | 0 | |a Deportes |9 224367 | |
| 650 | 7 | |a ENTRENAMIENTO ATLETICO |2 CL-VaPUC |9 415265 | |
| 583 | |a last modification |c 19980710 00:00:00 |k Rodrigo Vera | ||
| 999 | |c 272461 |d 272459 | ||
| 952 | |0 0 |1 0 |4 0 |6 796_334000000000000_VAL_1997 |7 0 |8 A |9 307481 |a BIBEDU |b BIBEDU |d 2019-11-20 |i 3440982 |l 1 |o 796.334 VAL 1997 |p 3440982 |r 2023-04-24 |s 2023-04-17 |w 2019-11-20 |y BK |k EFI | ||